书目信息 |
| 书名: | A first look at communication theory | |
| 作者: | Em Griffin ; special consultant, Glen McClish. | |
| 分册号: | ||
| 分册名: | 出版地: | Boston : |
|
| 出版社: | McGraw-Hill | |
| 出版时间: | 2000. | |
| 页数: | xiv, 548 p. : | |
| 开本: | 24 cm. | |
| 丛书名: | ||
| 中图分类号: | ||
| 科图分类号: | ||
| 其他分类号: | C912.1 | |
| 主题词: | ||
| 电子资源: | ||
| 000 | 01133cam a2200301 a 450 | |
| 001 | E0752483405 | |
| 005 | 20070422143626.25 | |
| 008 | 990419s2000 maua bq 001 0 eng | |
| 010 | @a99027152 | |
| 020 | @a0072291532 (alk. paper). | |
| 035 | @A(DLC) 99027152 | |
| 040 | @aDLC@cDLC@dDLC | |
| 050 | 00 | @aP90@b.G725 2000 |
| 082 | 00 | @a302.2/01@2 21 |
| 090 | @aC912.1 | |
| 099 | @dC912.1@ex48=4 | |
| 100 | 1 | @aGriffin, Emory A. |
| 245 | 12 | @aA first look at communication theory / @cEm Griffin ; special consultant, Glen McClish. |
| 250 | @a4th ed. | |
| 260 | @aBoston :@bMcGraw-Hill,@c2000. | |
| 300 | @axiv, 548 p. :@bill. ;@c24 cm. | |
| 504 | @aIncludes bibliographical references (p. 511-532) and index. | |
| 504 | @aFilmography: p. 509-[510]. | |
| 650 | 0 | @aCommunication@xPhilosophy. |
| 700 | 1 | @aMcClish, Glen Arthur. |
| 906 | @a7@bcbc@corignew@d1@eocip@f19@gy-gencatlg | |
| 925 | 0 | @aacquire@b1 shelf copies@xpolicy default |
| 955 | @apc16 to la00 04-19-99; lg02 to le03 04-20-99; le03 04-20-99; le02 to ddc 04-20-99; bk rec’d, to CIP ver. ps07 10-12-99; CIP ver. lg02 10-25-99; ld11 10-25-99 to binding | |
| A first look at communication theory / / Em Griffin ; special consultant, Glen McClish.-4th ed.-Boston : : McGraw-Hill, , 2000. |
| xiv, 548 p. : : ill. ; ; 24 cm. |
| Includes bibliographical references (p. 511-532) and index.-Filmography: p. 509-[510]. |
| ISBN 0072291532 (alk. paper). |
| ● |
| 相关链接 |
|
|
|
|
正题名:first look at communication theory
索取号:C912.1/x48=4
 
预约/预借
| 序号 | 登录号 | 条形码 | 馆藏地/架位号 | 状态 | 备注 |
| 1 | 0004417 | 300044173 | 第二样本阅览室/ [索取号:C912.1/x48=4] | 在馆 | |
| 2 | 0004418 | 300044182 | 第四借阅区/ [索取号:C912.1/x48=4] | 在馆 |